[Event "UISP-ch 21st"]
[Site "Palermo"]
[Date "2000.??.??"]
[Round "5"]
[White "Ganci, Davide"]
[Black "Galioto, Natale"]
[Result "0-1"]
[WhiteElo "1701"]
[BlackElo "2147"]
[PlyCount "68"]
[EventDate "2000.12.??"]
[EventType "swiss"]
[EventRounds "7"]
[EventCountry "ITA"]
[SourceTitle "EXT 2005"]
[Source "ChessBase"]
[SourceDate "2004.11.15"]
[SourceVersion "1"]
[SourceVersionDate "2004.11.15"]
[SourceQuality "1"]

1. c4 Nf6 2. Nc3 g6 3. e4 d6 4. d4 Bg7 5. f3 Nbd7 6. Be3 c6 7. Qd2 a6 8. a4 b6 9. Bd3 e5 10. d5 cxd5 11. cxd5 Ng8 12. Nge2 Ne7 13. Bh6 0-0 14. g4 Nc5 15. Bc2 f5 16. gxf5 gxf5 17. Rg1 Ng6 18. Ng3 fxe4 19. fxe4 Qh4 20. Bxg7 Kxg7 21. 0-0-0 b5 22. Kb1 Kh8 23. axb5 axb5 24. Nxb5 Bd7 25. Nxd6 Ra6 26. Nc4 Rfa8 27. Na3 Ba4 28. Rc1 Nf4 29. Qc3 Bxc2+ 30. Rxc2 Nfd3 31. Nf5 Qxe4 32. Ne7 Nxb2 33. Qxc5 Rxa3 34. Qc8+ Rxc8 0-1